| 000 | 00725nam a2200253Ia 4500 | ||
|---|---|---|---|
| 003 | OSt | ||
| 005 | 20221006160502.0 | ||
| 006 | a|||||r|||| 00| 0 | ||
| 007 | ta | ||
| 008 | 221006b |||||||| |||| 00| 0 eng d | ||
| 024 | _a45,296 | ||
| 037 | _cSeries Articles | ||
| 040 |
_aEASL _cEASL _beng |
||
| 041 |
_2eng _aeng |
||
| 100 |
_aNeve Geert _9673847 |
||
| 245 | 0 |
_aEntrapped rntrepreneurship _b Labour contractors in the South Indian garment industry |
|
| 260 |
_aNew York _bCambridge University Press U.K _c2014 |
||
| 300 |
_a1302-1332pp. _ccm. |
||
| 490 | _v48 9 | ||
| 650 |
_a Labour Contractors _9673848 |
||
| 650 | _aAsian Studies | ||
| 942 |
_cREF _2CC |
||
| 999 |
_c1113388 _d1113388 |
||